<?xml version="1.0" encoding="UTF-8"?>
<record
    xmlns:xsi="http://www.w3.org/2001/XMLSchema-instance"
    xsi:schemaLocation="http://www.loc.gov/MARC21/slim http://www.loc.gov/standards/marcxml/schema/MARC21slim.xsd"
    xmlns="http://www.loc.gov/MARC21/slim">

  <leader>01050nam a22002417a 4500</leader>
  <controlfield tag="001">38585</controlfield>
  <controlfield tag="003">BD-RjUL</controlfield>
  <controlfield tag="005">20211209052826.0</controlfield>
  <controlfield tag="008">160117s1827    ii ||||| |||| 00| 0 ben d</controlfield>
  <datafield tag="035" ind1=" " ind2=" ">
    <subfield code="a">(BD-RjUL)38693</subfield>
  </datafield>
  <datafield tag="040" ind1=" " ind2=" ">
    <subfield code="a">BD-RjUL</subfield>
    <subfield code="b">ben</subfield>
    <subfield code="c">BD-RjUL</subfield>
  </datafield>
  <datafield tag="041" ind1=" " ind2=" ">
    <subfield code="a">ben</subfield>
  </datafield>
  <datafield tag="082" ind1=" " ind2=" ">
    <subfield code="a">294.5923</subfield>
    <subfield code="b">MAH 1827</subfield>
  </datafield>
  <datafield tag="245" ind1=" " ind2=" ">
    <subfield code="a">&#x9AE;&#x9B9;&#x9BE;&#x9AD;&#x9BE;&#x9B0;&#x9A4;&#x9AE; :</subfield>
    <subfield code="b">&#x996;&#x9BF;&#x9B2; &#x9B9;&#x9B0;&#x9BF;&#x9AC;&#x982;&#x9B6; &#x9AA;&#x9B0;&#x9CD;&#x9AC;&#x9CD;&#x9AC;&#x9A3; /</subfield>
    <subfield code="c">&#x9AA;&#x99E;&#x9CD;&#x99A;&#x9BE;&#x9A8;&#x9A8; &#x9A4;&#x9B0;&#x9CD;&#x995;&#x9B0;&#x9A4;&#x9CD;&#x9A8; &#x9AD;&#x99F;&#x9CD;&#x99F;&#x9BE;&#x99A;&#x9BE;&#x9B0;&#x9CD;&#x9AF; &#x9B8;&#x9AE;&#x9CD;&#x9AA;&#x9BE;&#x9A6;&#x9BF;&#x9A4;</subfield>
  </datafield>
  <datafield tag="260" ind1=" " ind2=" ">
    <subfield code="a">&#x995;&#x9B2;&#x9BF;&#x995;&#x9BE;&#x9A4;&#x9BE; :</subfield>
    <subfield code="c">&#x9E7;&#x9EE;&#x9E8;&#x9ED;</subfield>
  </datafield>
  <datafield tag="300" ind1=" " ind2=" ">
    <subfield code="a">&#x9EB;&#x9EF;&#x9EA; &#x9AA;&#x9C3;. ;</subfield>
    <subfield code="c">&#x9E8;&#x9E9; &#x9B8;&#x9C7;&#x9AE;&#x9BF;.</subfield>
  </datafield>
  <datafield tag="500" ind1=" " ind2=" ">
    <subfield code="a">"&#x9AC;&#x9BE;&#x982;&#x9B2;&#x9BE; &#x9B2;&#x9BF;&#x9AA;&#x9BF;&#x9A4;&#x9C7; &#x9B8;&#x982;&#x9B8;&#x9CD;&#x995;&#x9C3;&#x9A4; &#x9AD;&#x9BE;&#x9B7;&#x9BE;&#x9AF;&#x9BC; &#x9B2;&#x9BF;&#x996;&#x9BF;&#x9A4;"</subfield>
  </datafield>
  <datafield tag="504" ind1=" " ind2=" ">
    <subfield code="a">"&#x9AA;&#x9C1;&#x9A0;&#x9BF;&#x9AF;&#x9BC;&#x9BE; &#x9B0;&#x9BE;&#x99C;&#x9AC;&#x9BE;&#x9A1;&#x9BC;&#x9C0; &#x9A5;&#x9C7;&#x995;&#x9C7; &#x9B8;&#x982;&#x997;&#x9C3;&#x9B9;&#x9C0;&#x9A4;"</subfield>
  </datafield>
  <datafield tag="650" ind1=" " ind2=" ">
    <subfield code="a">&#x9AE;&#x9B9;&#x9BE;&#x9AD;&#x9BE;&#x9B0;&#x9A4;</subfield>
    <subfield code="9">119067</subfield>
  </datafield>
  <datafield tag="650" ind1=" " ind2=" ">
    <subfield code="a">Mahabharata</subfield>
    <subfield code="9">119068</subfield>
  </datafield>
  <datafield tag="700" ind1=" " ind2=" ">
    <subfield code="a">&#x9AD;&#x99F;&#x9CD;&#x99F;&#x9BE;&#x99A;&#x9BE;&#x9B0;&#x9CD;&#x9AF;, &#x9AA;&#x99E;&#x9CD;&#x99A;&#x9BE;&#x9A8;&#x9A8; &#x9A4;&#x9B0;&#x9CD;&#x995;&#x9B0;&#x9A4;&#x9CD;&#x9A8;, &#x9B8;&#x9AE;&#x9CD;&#x9AA;&#x9BE;.</subfield>
    <subfield code="9">119069</subfield>
  </datafield>
  <datafield tag="942" ind1=" " ind2=" ">
    <subfield code="2">ddc</subfield>
    <subfield code="c">RAR</subfield>
  </datafield>
  <datafield tag="999" ind1=" " ind2=" ">
    <subfield code="c">38585</subfield>
    <subfield code="d">38585</subfield>
  </datafield>
  <datafield tag="952" ind1=" " ind2=" ">
    <subfield code="0">0</subfield>
    <subfield code="1">0</subfield>
    <subfield code="2">ddc</subfield>
    <subfield code="4">0</subfield>
    <subfield code="7">1</subfield>
    <subfield code="8">NFIC</subfield>
    <subfield code="a">RUCL</subfield>
    <subfield code="b">RUCL</subfield>
    <subfield code="c">Rare</subfield>
    <subfield code="d">1981-09-16</subfield>
    <subfield code="e">Calcutta, India International</subfield>
    <subfield code="l">0</subfield>
    <subfield code="o">BRA 294.5923 MAH 1827</subfield>
    <subfield code="r">2016-01-17 00:00:00</subfield>
    <subfield code="t">C-1</subfield>
    <subfield code="w">2021-12-09</subfield>
    <subfield code="y">RAR</subfield>
  </datafield>
</record>
